00645cam a2200181 a 4500001000800000005001700008008004100025020001500066020002200081040001800103082001800121245008500139260014900224300001900373650002000392650002400412700002700436492344920231121231424.0950125s1995 enk 001 0 eng  a0719044707 a0719044715 (pbk.) aDLCcDLCdDLC00a305.42/0122000aFeminist cultural theory :bprocess and production /cedited by Beverley Skeggs. aManchester ;aNew York :bManchester University Press ;aNew York :bDistributed exclusively in the USA and Canada by St. Martin's Press,c1995. aviii, 235 p. ; 0aFeminist theory 0aFeminist criticism.1 aSkeggs, Beverley.eedt